Factors associated with target fertility In Bangladesh / (Record no. 81064)
[ view plain ]
| 000 -LEADER | |
|---|---|
| fixed length control field | 00904nam a22002417a 4500 |
| 001 - CONTROL NUMBER | |
| RUCL Control Number | 81064 |
| 003 - CONTROL NUMBER IDENTIFIER | |
| rucl marc code | BD-RjUL |
| 005 - DATE AND TIME OF LATEST TRANSACTION | |
| control field | 20230113161604.0 |
| 008 - FIXED-LENGTH DATA ELEMENTS--GENERAL INFORMATION | |
| fixed length control field | 230113s2012 bg a|||| m||| 00| 0 eng d |
| 035 ## - SYSTEM CONTROL NUMBER | |
| system control number | (BD-RjUL)81064 |
| 040 ## - CATALOGING SOURCE | |
| Original cataloging agency | BD-RjUL |
| Language of cataloging | eng |
| Transcribing agency | BD-RjUL |
| Modifying agency | BD-RjUL |
| 041 ## - LANGUAGE CODE | |
| Language code of Book | eng |
| 082 ## - DEWEY DECIMAL CLASSIFICATION NUMBER | |
| DDC Edition number | 23 |
| Classification number | 304.632095492 |
| Author mark and Year | KAF 2012 |
| 100 ## - MAIN ENTRY--PERSONAL NAME | |
| Personal name | Karim, Md. Rezaul |
| 245 10 - TITLE STATEMENT | |
| Title | Factors associated with target fertility In Bangladesh / |
| Statement of responsibility, etc | By Md. Rezaul Karim ; |
| Name of Supervisor/Co-Supervisor | Supervisor : Md. Nurul Islam |
| 260 ## - PUBLICATION, DISTRIBUTION, ETC. (IMPRINT) | |
| Place of publication, distribution, etc | Rajshahi : |
| Name of publisher, distributor, etc | Department of Statistics, University of Rajshahi, |
| Date of publication, distribution, etc | 2012 |
| 300 ## - PHYSICAL DESCRIPTION | |
| Pagination | xiv, 180 leaves : |
| Other physical details | ill, ; |
| Dimensions | 29.cm. |
| 502 ## - DISSERTATION NOTE | |
| Dissertation note | Thesis (Ph. D.) -- Department of Statistics, University of Rajshahi, 2012 |
| 504 ## - BIBLIOGRAPHY, ETC. NOTE | |
| Bibliography, etc | Bibliography : Leaves 168 -180 |
| 650 ## - SUBJECT ADDED ENTRY--TOPICAL TERM | |
| Topical term or geographic name as entry element | Fertility |
| Form subdivision | Factors affecting social behavior |
| Geographic subdivision | Bangladesh |
| 9 (RLIN) | 6557 |
| 700 ## - ADDED ENTRY--SUPERVISOR/CO-SUPERVISOR NAME | |
| Personal name | Islam, Md. Nurul, Supervisor |
| 9 (RLIN) | 1185 |
| 942 ## - ADDED ENTRY ELEMENTS (KOHA) | |
| Source of classification or shelving scheme | Dewey Decimal Classification |
| Koha item type | Theses |
| Source of classification or shelving scheme | Damaged status | Not for loan | Collection code | Permanent Location | Current Location | Shelving location | Date of accession | Source of acquisition | Total Checkouts | Full call number | Barcode | Date last seen | Copy number | Thesis |
|---|---|---|---|---|---|---|---|---|---|---|---|---|---|---|
| Dewey Decimal Classification | Not For Loan | Theses | Central Library, University of Rajshahi | Central Library, University of Rajshahi | Documentation Section | 24/10/2013 | Controller of Exam. R.U. | THE 304.632095492 KAF 2012 | D3539 | 13/01/2023 | C-1 | Theses |